Province italiane che confinano con l'estero - Statistics

Statistiche generali
  • Questo quiz è stato fatto 32 volte
  • Il punteggio medio è 18 su 20
Statistiche sulle risposte
Stato confinante Provincia % Corretto
Provincia di Cuneo
100%
Città del Vaticano Città metropolitana di Roma
96%
Città metropolitana di Torino
96%
Ente di decentramento regionale di Trieste
96%
Provincia autonoma di Bolzano
96%
Austria Provincia autonoma di Bolzano
96%
San Marino Provincia di Rimini
96%
Ente di decentramento regionale di Udine
92%
Slovenia Ente di decentramento regionale di Udine
92%
Provincia di Belluno
92%
Ente di decentramento regionale di Gorizia
88%
Provincia del Verbano-Cusio-Ossola
88%
Provincia di Como
88%
Francia Provincia di Imperia
88%
Provincia di Sondrio
88%
Provincia di Varese
88%
Provincia di Vercelli
88%
Provincia di Pesaro e Urbino
85%
Valle d'Aosta
58%
Svizzera Valle d'Aosta
58%
Nessun quiz corrispondente trovato
Distribuzione punteggi
Percentuale di utenti per punteggio
Percentile per numero di risposta
I tuoi punteggi nel tempo
Non hai fatto questo quiz